000 00520nam a2200181Ia 4500
005 20250508164237.0
008 008 250505s9999 xx 000 0 eng d
020 _a81-7450-376-5
037 _aReference
040 _aFEDL
_beng
_cFEDL
041 _aeng
_2eng
084 _a900, NCE
_qFEDL
245 0 _aModern India : A history textbook for class XII
245 0 _cNational Council of Educational Research and Training
300 _avii,274p.
942 _cREF
_h900, NCE
999 _c1387871
_d1387871